New Zealand Rugby - Kelvin R Tremain Award winners - Statistics

General Stats
  • This quiz has been taken 282 times
    39 since last reset
  • The average score is 21 of 29
Answer Stats
Year Player % Correct
2004 Daniel Carter
97%
2005 Daniel Carter
97%
2010 Kieran Read
97%
2013 Kieran Read
97%
2003 Richard McCaw
97%
2006 Richard McCaw
97%
2009 Richard McCaw
97%
2012 Richard McCaw
97%
2019 Ardie Savea
91%
1995 Jonah Lomu
91%
2016 Beauden Barrett
84%
1997 Jeff Wilson
81%
2020 Sam Cane
81%
2015 Ma'a Nonu
78%
1999 Andrew Mehrtens
75%
2017 Sam Whitelock
75%
1996 Sean Fitzpatrick
75%
1998 Josh Kronfeld
72%
1994 Zinzan Brooke
72%
2011 Jerome Kaino
69%
2000 Tana Umaga
66%
2014 Brodie Retallick
56%
2018 Kendra Cocksedge
50%
2008 Andrew Hore
44%
2002 Chris Jack
44%
2001 Todd Blackadder
44%
2021 Sarah Hirini
41%
2007 Daniel Braid
38%
2022 Ruahei Demant
6%
No matching quizzes found
Score Distribution
Percent of People with Each Score
Percentile by Number Answered
Your Score History
You have not taken this quiz since the last reset